[Event "Titled Tuesday intern op 14th Mar Late"]
[Site "Chess.com INT"]
[Date "2023.03.14"]
[Round "9"]
[White "Golubev, Mikhail"]
[Black "Pino Perez, Lazaro"]
[Result "1-0"]
[WhiteElo "2461"]
[BlackElo "2142"]
[PlyCount "45"]
[EventDate "2023.03.14"]
[EventType "swiss (blitz)"]
[EventRounds "11"]
[EventCountry "USA"]
[SourceTitle "EXT 2024"]
[Source "ChessBase"]
[SourceDate "2023.10.10"]
[SourceVersion "1"]
[SourceVersionDate "2023.10.10"]
[SourceQuality "1"]

1. e4 c5 2. Nf3 g6 3. d4 cxd4 4. Nxd4 Nc6 5. Nc3 Bg7 6. Be3 Nf6 7. Nxc6 bxc6 8. e5 Ng8 9. Bd4 Qa5 10. f4 f6 11. Qd2 fxe5 12. fxe5 Nh6 13. e6 Bxd4 14. Qxd4 0-0 15. exd7 Ba6 16. Bc4+ Bxc4 17. Qxc4+ Kg7 18. 0-0-0 Rab8 19. Rhe1 e5 20. Ne4 Nf5 21. Nc5 Nd4 22. Rxe5 Rf4 23. Rxd4 1-0

[Event "Titled Tuesday intern op 14th Mar Late"]
[Site "Chess.com INT"]
[Date "2023.03.14"]
[Round "2"]
[White "Pino Perez, Lazaro"]
[Black "Sjugirov, Sanan"]
[Result "0-1"]
[WhiteElo "2142"]
[BlackElo "2712"]
[PlyCount "64"]
[EventDate "2023.03.14"]
[EventType "swiss (blitz)"]
[EventRounds "11"]
[EventCountry "USA"]
[SourceTitle "EXT 2024"]
[Source "ChessBase"]
[SourceDate "2023.10.10"]
[SourceVersion "1"]
[SourceVersionDate "2023.10.10"]
[SourceQuality "1"]

1. d4 Nf6 2. Bf4 g6 3. Nc3 d5 4. e3 Bg7 5. h4 h5 6. Nf3 Bg4 7. Qd2 Bxf3 8. gxf3 c6 9. e4 e6 10. 0-0-0 Nbd7 11. Rg1 b5 12. exd5 Nxd5 13. Nxd5 cxd5 14. Bxb5 0-0 15. Bh6 Nf6 16. Bd3 Ne8 17. Qf4 Qd6 18. Qg5 Rb8 19. Bxg6 fxg6 20. Qxg6 Rf7 21. Rg5 Qb4 22. b3 Qc3 23. Rdg1 Qa1+ 24. Kd2 Qxd4+ 25. Kc1 Rc8 26. Bxg7 Nxg7 27. Qxe6 Qa1+ 28. Kd2 Qc3+ 29. Ke2 Qxc2+ 30. Kf1 Qc1+ 31. Kg2 Qxg5+ 32. hxg5 Nxe6 0-1

[Event "Titled Tuesday intern op 14th Mar Late"]
[Site "Chess.com INT"]
[Date "2023.03.14"]
[Round "5"]
[White "Souza, Gustavo Horokoski"]
[Black "Pino Perez, Lazaro"]
[Result "0-1"]
[WhiteElo "1943"]
[BlackElo "2142"]
[PlyCount "100"]
[EventDate "2023.03.14"]
[EventType "swiss (blitz)"]
[EventRounds "11"]
[EventCountry "USA"]
[SourceTitle "EXT 2024"]
[Source "ChessBase"]
[SourceDate "2023.10.10"]
[SourceVersion "1"]
[SourceVersionDate "2023.10.10"]
[SourceQuality "1"]

1. d4 d5 2. c4 e6 3. Nc3 Be7 4. Nf3 Nf6 5. cxd5 exd5 6. Bg5 c6 7. e3 Bf5 8. Qb3 Qb6 9. Ne5 Nbd7 10. Nxd7 Kxd7 11. Be2 Qxb3 12. axb3 h6 13. Bf4 Bc2 14. Bd1 Bxd1 15. Kxd1 Nh5 16. Be5 f6 17. Bg3 Nxg3 18. hxg3 h5 19. Ke2 f5 20. Kf3 Ke6 21. Ne2 g5 22. Nc1 Bd6 23. Nd3 a5 24. Rhc1 Kd7 25. Nc5+ Bxc5 26. Rxc5 b6 27. Rc3 Kd6 28. Rac1 Rac8 29. Rh1 Kc7 30. Rcc1 Kb7 31. Rh2 Ka6 32. Rch1 Kb5 33. Rxh5 Rxh5 34. Rxh5 Kb4 35. Rxg5 Kxb3 36. Rxf5 Kxb2 37. g4 a4 38. Rf7 Ra8 39. g5 a3 40. g6 Rg8 41. Rb7 b5 42. e4 dxe4+ 43. Kxe4 Rxg6 44. d5 a2 45. dxc6 a1Q 46. Rxb5+ Kc3 47. Rc5+ Kb4 48. c7 Qe1+ 49. Kf4 Qxf2+ 50. Ke4 Qxc5 0-1

[Event "Titled Tuesday intern op 7th Mar Late"]
[Site "Chess.com INT"]
[Date "2023.03.07"]
[Round "4"]
[White "Ardila, Oscar Humberto"]
[Black "Pino Perez, Lazaro"]
[Result "1-0"]
[WhiteElo "1982"]
[BlackElo "2142"]
[PlyCount "89"]
[EventDate "2023.03.07"]
[EventType "swiss (blitz)"]
[EventRounds "11"]
[EventCountry "USA"]
[SourceTitle "EXT 2024"]
[Source "ChessBase"]
[SourceDate "2023.10.10"]
[SourceVersion "1"]
[SourceVersionDate "2023.10.10"]
[SourceQuality "1"]

1. d4 d5 2. c4 e6 3. Nc3 Nf6 4. Bg5 Be7 5. Nf3 h6 6. Bh4 0-0 7. e3 Nbd7 8. Qc2 a6 9. cxd5 exd5 10. Bd3 Re8 11. 0-0 c6 12. a3 a5 13. Rab1 Ne4 14. Bxe7 Qxe7 15. Bxe4 dxe4 16. Nd2 Nf6 17. Nc4 Be6 18. Ne5 Bd5 19. Nxd5 cxd5 20. Qb3 Rad8 21. Rbc1 Nh7 22. Qb6 f6 23. Rc7 Qe6 24. Qxb7 fxe5 25. Rxg7+ Kf8 26. Rxh7 Re7 27. Rxe7 Qxe7 28. Qa6 Kg7 29. Qxa5 exd4 30. exd4 Rd6 31. Qd2 Rf6 32. Qe3 Rg6 33. f3 Qe6 34. fxe4 Qg4 35. Qf3 Qxf3 36. Rxf3 dxe4 37. Re3 Re6 38. d5 Re5 39. Kf2 Kf6 40. d6 Ke6 41. Rh3 Kxd6 42. Rxh6+ Kd5 43. Ke3 Rg5 44. g3 Kc4 45. Kxe4 1-0

[Event "Titled Tuesday intern op 7th Mar Late"]
[Site "Chess.com INT"]
[Date "2023.03.07"]
[Round "10"]
[White "Ismagilov, Damir"]
[Black "Pino Perez, Lazaro"]
[Result "1/2-1/2"]
[WhiteElo "2156"]
[BlackElo "2142"]
[PlyCount "89"]
[EventDate "2023.03.07"]
[EventType "swiss (blitz)"]
[EventRounds "11"]
[EventCountry "USA"]
[SourceTitle "EXT 2024"]
[Source "ChessBase"]
[SourceDate "2023.10.10"]
[SourceVersion "1"]
[SourceVersionDate "2023.10.10"]
[SourceQuality "1"]

1. d4 d5 2. Bf4 Nf6 3. e3 e6 4. Nd2 Bd6 5. Bg3 0-0 6. Bd3 c5 7. c3 Qc7 8. f4 b6 9. Qe2 a5 10. Ngf3 Ba6 11. 0-0 Ne4 12. Bxa6 Nxg3 13. hxg3 Nxa6 14. e4 dxe4 15. Nxe4 Be7 16. dxc5 Nxc5 17. Rad1 Rad8 18. Nxc5 Qxc5+ 19. Qf2 Qc4 20. a3 Bc5 21. Nd4 Rd5 22. Rd2 Rfd8 23. Rfd1 e5 24. fxe5 Rxe5 25. b4 axb4 26. cxb4 Bxd4 27. Rxd4 Rxd4 28. Qxd4 Re1+ 29. Kh2 Qxd4 30. Rxd4 g6 31. Rd8+ Kg7 32. Ra8 h5 33. a4 Rb1 34. b5 Ra1 35. Ra6 Ra3 36. Ra7 Kf6 37. Rb7 Rxa4 38. Rxb6+ Kg5 39. Rc6 Rb4 40. Rc5+ f5 41. Rd5 Rb3 42. Rc5 Rb4 43. Rd5 Kg4 44. Rd6 Kg5 45. Rd5 1/2-1/2

[Event "Titled Tuesday intern op 7th Mar Early"]
[Site "Chess.com INT"]
[Date "2023.03.07"]
[Round "10"]
[White "Karas, Marek"]
[Black "Pino Perez, Lazaro"]
[Result "0-1"]
[WhiteElo "2236"]
[BlackElo "2142"]
[PlyCount "112"]
[EventDate "2023.03.07"]
[EventType "swiss (blitz)"]
[EventRounds "11"]
[EventCountry "USA"]
[SourceTitle "EXT 2024"]
[Source "ChessBase"]
[SourceDate "2023.10.10"]
[SourceVersion "1"]
[SourceVersionDate "2023.10.10"]
[SourceQuality "1"]

1. d4 d5 2. Nc3 Nf6 3. Bf4 Bf5 4. f3 h6 5. g4 Bh7 6. h4 c5 7. g5 cxd4 8. Qxd4 Nc6 9. Qa4 hxg5 10. hxg5 Bxc2 11. Rxh8 Bxa4 12. gxf6 exf6 13. Nxa4 Qa5+ 14. Nc3 d4 15. Bd6 Kd7 16. Rxf8 Rxf8 17. Bxf8 dxc3 18. 0-0-0+ Ke8 19. Ba3 Qg5+ 20. e3 Qxg1 21. Bc5 cxb2+ 22. Kxb2 Qf2+ 23. Kc1 Qxa2 24. Bd3 Qa5 25. Bd6 Qa1+ 26. Kd2 Qa2+ 27. Ke1 Qd5 28. Be2 Qa5+ 29. Kf2 Ne5 30. Bxe5 fxe5 31. Rb1 b6 32. Rb5 Qc3 33. Rd5 f6 34. Rd3 Qc2 35. Ke1 Ke7 36. Rd2 Qc1+ 37. Rd1 Qc3+ 38. Kf2 a5 39. Rd3 Qc2 40. Rd5 a4 41. Rb5 a3 42. Rxb6 a2 43. Rb7+ Kf8 44. Rb8+ Kf7 45. Rb7+ Kg6 46. Ra7 Qb1 47. Kg3 a1Q 48. Bd3+ Qxd3 49. Rxa1 Qxe3 50. Rf1 Qf4+ 51. Kg2 e4 52. fxe4 Qxe4+ 53. Kg1 Qg4+ 54. Kf2 Qf4+ 55. Kg1 Qxf1+ 56. Kxf1 Kf5 0-1

[Event "Titled Tuesday intern op 7th Mar Early"]
[Site "Chess.com INT"]
[Date "2023.03.07"]
[Round "2"]
[White "Pino Perez, Lazaro"]
[Black "Aung, Thant Zin"]
[Result "1-0"]
[WhiteElo "2142"]
[BlackElo "2268"]
[PlyCount "49"]
[EventDate "2023.03.07"]
[EventType "swiss (blitz)"]
[EventRounds "11"]
[EventCountry "USA"]
[SourceTitle "EXT 2024"]
[Source "ChessBase"]
[SourceDate "2023.10.10"]
[SourceVersion "1"]
[SourceVersionDate "2023.10.10"]
[SourceQuality "1"]

1. d4 Nf6 2. Bf4 d5 3. e3 c5 4. Nf3 Nc6 5. Nbd2 Bg4 6. c3 e6 7. Qa4 Qd7 8. Bb5 Bxf3 9. Nxf3 Bd6 10. dxc5 Bxf4 11. exf4 0-0 12. 0-0 a6 13. Bxc6 Qxc6 14. Qxc6 bxc6 15. b4 a5 16. a3 Ne4 17. Rfc1 f6 18. Nd4 Rfc8 19. Nxe6 Nd2 20. Nd4 Nc4 21. Re1 Kf7 22. f5 Ne5 23. f4 Nd3 24. Re3 Nxf4 25. Rf1 1-0

[Event "Titled Tuesday intern op 28th Feb Late"]
[Site "Chess.com INT"]
[Date "2023.02.28"]
[Round "3"]
[White "Koellner, Ruben Gideon"]
[Black "Pino Perez, Lazaro"]
[Result "1-0"]
[WhiteElo "2410"]
[BlackElo "2142"]
[PlyCount "33"]
[EventDate "2023.02.28"]
[EventType "swiss (blitz)"]
[EventRounds "11"]
[EventCountry "USA"]
[SourceTitle "CBM 213 Extra"]
[Source "ChessBase"]
[SourceDate "2023.05.31"]
[SourceVersion "1"]
[SourceVersionDate "2023.05.31"]
[SourceQuality "1"]

1. d4 d5 2. Nf3 Nf6 3. e3 Bf5 4. Nbd2 e6 5. Ne5 Nbd7 6. g4 Bg6 7. h4 Nxe5 8. dxe5 Ne4 9. h5 Nxd2 10. Bxd2 Be4 11. f3 Be7 12. fxe4 Bh4+ 13. Ke2 Qg5 14. Bg2 0-0-0 15. exd5 f5 16. e4 Qxg4+ 17. Bf3 1-0

[Event "Titled Tuesday intern op 28th Feb Late"]
[Site "Chess.com INT"]
[Date "2023.02.28"]
[Round "8"]
[White "Pino Perez, Lazaro"]
[Black "Zampronha, Wladimir Camilo"]
[Result "1-0"]
[WhiteElo "2142"]
[BlackElo "2163"]
[PlyCount "57"]
[EventDate "2023.02.28"]
[EventType "swiss (blitz)"]
[EventRounds "11"]
[EventCountry "USA"]
[SourceTitle "CBM 213 Extra"]
[Source "ChessBase"]
[SourceDate "2023.05.31"]
[SourceVersion "1"]
[SourceVersionDate "2023.05.31"]
[SourceQuality "1"]

1. d4 Nf6 2. Bf4 e6 3. e3 c5 4. Nf3 d5 5. c3 Nc6 6. Nbd2 Bd6 7. Bg3 0-0 8. Bd3 Qe7 9. Ne5 Nd7 10. Ndf3 Ndxe5 11. dxe5 Bc7 12. 0-0 b6 13. e4 Bb7 14. exd5 exd5 15. Re1 Rfe8 16. Bc2 Nd8 17. Qd3 g6 18. Ba4 Rf8 19. Bh4 Qe6 20. Qd2 Nc6 21. Qh6 Bd8 22. Bxd8 Rfxd8 23. Bxc6 Bxc6 24. Ng5 Qf5 25. Qxh7+ Kf8 26. e6 Be8 27. exf7 Bxf7 28. Qh8+ Bg8 29. Qh6# 1-0

[Event "Titled Tuesday intern op 21st Feb Late"]
[Site "Chess.com INT"]
[Date "2023.02.21"]
[Round "9"]
[White "Kanakaris, Georgios"]
[Black "Pino Perez, Lazaro"]
[Result "1-0"]
[WhiteElo "2391"]
[BlackElo "2142"]
[PlyCount "83"]
[EventDate "2023.02.21"]
[EventType "swiss (blitz)"]
[EventRounds "11"]
[EventCountry "USA"]
[SourceTitle "CBM 212 Extra"]
[Source "ChessBase"]
[SourceDate "2023.03.31"]
[SourceVersion "1"]
[SourceVersionDate "2023.03.31"]
[SourceQuality "1"]

1. e4 c5 2. Nf3 g6 3. Nc3 Bg7 4. Bc4 Nc6 5. h4 h5 6. Ng5 e6 7. d3 Nge7 8. a3 d5 9. Ba2 a6 10. Bd2 b5 11. 0-0 0-0 12. Rb1 Nd4 13. Ne2 Nxe2+ 14. Qxe2 Nc6 15. c3 dxe4 16. dxe4 c4 17. Rbd1 e5 18. Be3 Qe7 19. Rd5 Re8 20. Bc5 Qc7 21. Bd6 Qb7 22. Rfd1 f6 23. Nf3 Be6 24. R5d2 Rad8 25. Bc5 Qc7 26. Qe3 Rxd2 27. Rxd2 Kf7 28. a4 Qc8 29. Bb6 Bf8 30. Bb1 Qb7 31. Bc2 Rb8 32. a5 Rc8 33. Ne1 Re8 34. g3 Re7 35. Ng2 Rd7 36. Bd1 Rxd2 37. Qxd2 Qd7 38. Qc2 Be7 39. Ne3 Bd8 40. Bf3 Bxb6 41. axb6 Qb7 42. Nd5 1-0

[Event "Titled Tuesday intern op 21st Feb Late"]
[Site "Chess.com INT"]
[Date "2023.02.21"]
[Round "4"]
[White "Ladopoulos, Dimitrios"]
[Black "Pino Perez, Lazaro"]
[Result "1-0"]
[WhiteElo "2391"]
[BlackElo "2142"]
[PlyCount "65"]
[EventDate "2023.02.21"]
[EventType "swiss (blitz)"]
[EventRounds "11"]
[EventCountry "USA"]
[SourceTitle "CBM 212 Extra"]
[Source "ChessBase"]
[SourceDate "2023.03.31"]
[SourceVersion "1"]
[SourceVersionDate "2023.03.31"]
[SourceQuality "1"]

1. d4 d5 2. c4 e6 3. Nf3 Nf6 4. g3 dxc4 5. Bg2 c5 6. 0-0 Nc6 7. Qa4 Bd7 8. Qxc4 b5 9. Qc2 cxd4 10. Rd1 Rc8 11. Qb3 Be7 12. Bg5 Qb6 13. Na3 a6 14. Rac1 0-0 15. Nc4 Qb8 16. Na3 e5 17. e3 h6 18. Bxf6 Bxf6 19. exd4 exd4 20. Nc2 Be6 21. Qa3 Qb6 22. Nce1 a5 23. Nd3 Rfd8 24. Qc5 Qxc5 25. Rxc5 Ne7 26. Rxb5 Bxa2 27. Rxa5 Bb3 28. Re1 Rc2 29. Bf1 Nc6 30. Ra6 Bc4 31. Rb6 Bxd3 32. Bxd3 Ne7 33. Bxc2 1-0

[Event "Titled Tuesday intern op 21st Feb Late"]
[Site "Chess.com INT"]
[Date "2023.02.21"]
[Round "5"]
[White "Pino Perez, Lazaro"]
[Black "Kaplan, Avi Harrison"]
[Result "1-0"]
[WhiteElo "2142"]
[BlackElo "2135"]
[PlyCount "71"]
[EventDate "2023.02.21"]
[EventType "swiss (blitz)"]
[EventRounds "11"]
[EventCountry "USA"]
[SourceTitle "CBM 212 Extra"]
[Source "ChessBase"]
[SourceDate "2023.03.31"]
[SourceVersion "1"]
[SourceVersionDate "2023.03.31"]
[SourceQuality "1"]

1. d4 d6 2. e4 Nf6 3. Nc3 Nbd7 4. f4 a6 5. e5 Ng8 6. Bd3 e6 7. Nf3 b5 8. 0-0 Bb7 9. f5 dxe5 10. fxe6 fxe6 11. Ng5 Ngf6 12. Nxe6 Qc8 13. dxe5 Nxe5 14. Bf5 Qb8 15. Qe2 Bd6 16. Nxg7+ Kf7 17. Nh5 Rg8 18. Be4 Bc5+ 19. Kh1 Ned7 20. Nxf6 Nxf6 21. Qh5+ Rg6 22. Qxc5 Kg7 23. Qe7+ Kh8 24. Rxf6 Qg8 25. Rxg6 Qxg6 26. Bxg6 hxg6 27. Qf6+ Kh7 28. Bg5 Bc8 29. Rd1 Bf5 30. Rd8 Rxd8 31. Qxd8 Kg7 32. Qxc7+ Kf8 33. Bf6 Bd7 34. Qxd7 b4 35. Qe7+ Kg8 36. Qg7# 1-0

[Event "Titled Tuesday intern op 21st Feb Late"]
[Site "Chess.com INT"]
[Date "2023.02.21"]
[Round "6"]
[White "Poliakova, Varvara"]
[Black "Pino Perez, Lazaro"]
[Result "1-0"]
[WhiteElo "1946"]
[BlackElo "2142"]
[PlyCount "73"]
[EventDate "2023.02.21"]
[EventType "swiss (blitz)"]
[EventRounds "11"]
[EventCountry "USA"]
[SourceTitle "CBM 212 Extra"]
[Source "ChessBase"]
[SourceDate "2023.03.31"]
[SourceVersion "1"]
[SourceVersionDate "2023.03.31"]
[SourceQuality "1"]

1. e4 c5 2. Nc3 g6 3. d3 Bg7 4. g3 Nc6 5. Bg2 d6 6. f4 e5 7. Nf3 Nge7 8. 0-0 0-0 9. h3 Rb8 10. g4 exf4 11. Bxf4 b5 12. Qd2 b4 13. Nd1 a5 14. Bh6 Ne5 15. Bxg7 Kxg7 16. Nxe5 dxe5 17. Qf2 f6 18. Qxc5 Be6 19. Qf2 a4 20. Ne3 a3 21. b3 Nc6 22. Rad1 Nd4 23. Rd2 Rc8 24. h4 Qd7 25. h5 Bxg4 26. Qh4 Be6 27. h6+ Kg8 28. Rxf6 Rxf6 29. Qxf6 Nc6 30. Rf2 Qe7 31. Qxe7 Nxe7 32. Kf1 Nc6 33. Rf6 Nd4 34. Bf3 Bf7 35. Bg4 Rc7 36. Rb6 Kf8 37. Bd1 1-0

[Event "Titled Tuesday intern op 31st Jan Late"]
[Site "Chess.com INT"]
[Date "2023.01.31"]
[Round "4"]
[White "Ibadov, Dashgyn"]
[Black "Pino Perez, Lazaro"]
[Result "1-0"]
[WhiteElo "2333"]
[BlackElo "2142"]
[PlyCount "53"]
[EventDate "2023.01.31"]
[EventType "swiss (blitz)"]
[EventRounds "11"]
[EventCountry "USA"]
[SourceTitle "CBM 212 Extra"]
[Source "ChessBase"]
[SourceDate "2023.03.31"]
[SourceVersion "1"]
[SourceVersionDate "2023.03.31"]
[SourceQuality "1"]

1. e4 c5 2. Nf3 g6 3. d4 cxd4 4. Nxd4 Nc6 5. Nc3 Bg7 6. Be3 Nf6 7. Nxc6 bxc6 8. e5 Ng8 9. Bd4 Nh6 10. e6 f6 11. exd7+ Bxd7 12. Bc4 Rb8 13. 0-0 Qa5 14. Re1 e5 15. f4 Rb4 16. fxe5 fxe5 17. b3 Rxc4 18. bxc4 0-0 19. Bf2 Be6 20. Ne4 Bxc4 21. Qd6 Bd5 22. c4 Bxc4 23. Qxc6 Bd3 24. Qe6+ Kh8 25. Nd6 Qa6 26. Rad1 Bf5 27. Nf7+ 1-0

[Event "Titled Tuesday intern op 31st Jan Late"]
[Site "Chess.com INT"]
[Date "2023.01.31"]
[Round "3"]
[White "Janaszak, Dawid"]
[Black "Pino Perez, Lazaro"]
[Result "1-0"]
[WhiteElo "2322"]
[BlackElo "2142"]
[PlyCount "109"]
[EventDate "2023.01.31"]
[EventType "swiss (blitz)"]
[EventRounds "11"]
[EventCountry "USA"]
[SourceTitle "CBM 212 Extra"]
[Source "ChessBase"]
[SourceDate "2023.03.31"]
[SourceVersion "1"]
[SourceVersionDate "2023.03.31"]
[SourceQuality "1"]

1. e4 c5 2. Nc3 g6 3. Bc4 Bg7 4. h4 h5 5. Qf3 e6 6. d4 cxd4 7. Nb5 d6 8. Bf4 Be5 9. Bxe5 dxe5 10. Qa3 Ne7 11. Nd6+ Kf8 12. Nf3 f6 13. 0-0-0 Nbc6 14. Ng5 fxg5 15. Qf3+ Nf5 16. exf5 gxf5 17. Nxc8 Qxc8 18. hxg5 Kg7 19. Rxh5 Rxh5 20. Qxh5 Qh8 21. Qe2 Re8 22. g3 Qh3 23. Bb3 Qg4 24. Qb5 Re7 25. Qc5 Qxg5+ 26. f4 Qxg3 27. fxe5 Qxe5 28. Qc4 Kf6 29. a3 Rg7 30. Qf1 Na5 31. Ba2 Rg4 32. Qh1 Qe3+ 33. Kb1 Qg5 34. Re1 Nc6 35. Rxe6+ Kg7 36. Re1 d3 37. cxd3 Rg2 38. Bd5 Rg3 39. Bxc6 bxc6 40. Qxc6 Rg1 41. Qb7+ Kh6 42. Rxg1 Qxg1+ 43. Ka2 Qd4 44. Qf3 Kg5 45. Kb3 f4 46. Kc2 Qc5+ 47. Kd2 Qa5+ 48. Ke2 Qe5+ 49. Kf1 Qxb2 50. Qd5+ Kg4 51. Qe6+ Kf3 52. Qe4+ Kg3 53. Qe1+ Kg4 54. Qe2+ Kg3 55. Qxb2 1-0

[Event "Titled Tuesday intern op 03rd Jan Late"]
[Site "Chess.com INT"]
[Date "2023.01.03"]
[Round "6"]
[White "Pino Perez, Lazaro"]
[Black "Martin Fuentes, Alberto"]
[Result "0-1"]
[WhiteElo "2142"]
[BlackElo "2393"]
[PlyCount "22"]
[EventDate "2023.01.03"]
[EventType "swiss (blitz)"]
[EventRounds "11"]
[EventCountry "USA"]
[SourceTitle "EXT 2024"]
[Source "ChessBase"]
[SourceDate "2023.10.10"]
[SourceVersion "1"]
[SourceVersionDate "2023.10.10"]
[SourceQuality "1"]

1. d4 Nf6 2. Bf4 c5 3. d5 b5 4. e4 Nxe4 5. Qf3 Qa5+ 6. Nd2 Nxd2 7. Bxd2 Qb6 8. 0-0-0 d6 9. h4 Nd7 10. h5 Nf6 11. Bg5 Bg4 0-1

[Event "Titled Tuesday intern op 03rd Jan Late"]
[Site "Chess.com INT"]
[Date "2023.01.03"]
[Round "7"]
[White "Pino Perez, Lazaro"]
[Black "Winterberg, Lukas"]
[Result "0-1"]
[WhiteElo "2142"]
[BlackElo "2402"]
[PlyCount "38"]
[EventDate "2023.01.03"]
[EventType "swiss (blitz)"]
[EventRounds "11"]
[EventCountry "USA"]
[SourceTitle "EXT 2024"]
[Source "ChessBase"]
[SourceDate "2023.10.10"]
[SourceVersion "1"]
[SourceVersionDate "2023.10.10"]
[SourceQuality "1"]

1. d4 c5 2. d5 f5 3. e4 fxe4 4. Nc3 Nf6 5. Bg5 d6 6. Bxf6 exf6 7. Nxe4 f5 8. Nc3 g6 9. Bb5+ Kf7 10. h4 Bg7 11. Nf3 h6 12. Qd2 Nd7 13. Bxd7 Bxd7 14. 0-0-0 b5 15. Kb1 b4 16. Ne2 a5 17. Nf4 Qf6 18. c3 bxc3 19. Qc2 Rab8 0-1

[Event "Titled Tuesday intern op 03rd Jan Late"]
[Site "Chess.com INT"]
[Date "2023.01.03"]
[Round "5"]
[White "Tregubov, Pavel V"]
[Black "Pino Perez, Lazaro"]
[Result "1-0"]
[WhiteElo "2553"]
[BlackElo "2142"]
[PlyCount "75"]
[EventDate "2023.01.03"]
[EventType "swiss (blitz)"]
[EventRounds "11"]
[EventCountry "USA"]
[SourceTitle "EXT 2024"]
[Source "ChessBase"]
[SourceDate "2023.10.10"]
[SourceVersion "1"]
[SourceVersionDate "2023.10.10"]
[SourceQuality "1"]

1. e4 c5 2. Nf3 g6 3. c3 Bg7 4. d4 cxd4 5. cxd4 d5 6. e5 Bg4 7. Bb5+ Nc6 8. Nbd2 Nh6 9. h3 Bxf3 10. Bxc6+ bxc6 11. Nxf3 0-0 12. 0-0 f6 13. Bf4 Nf7 14. exf6 exf6 15. Rc1 Qb6 16. Qc2 Rac8 17. Rfe1 Rfd8 18. Re6 Re8 19. Rxe8+ Rxe8 20. Qxc6 Qxc6 21. Rxc6 Re2 22. Rc8+ Bf8 23. Bc1 Nd6 24. Ra8 Rc2 25. Bh6 Nc8 26. Bxf8 Kxf8 27. Kf1 Ke7 28. Ne1 Rc1 29. Ke2 Kd8 30. Rb8 Rc4 31. Rb7 Rxd4 32. Rxh7 Ne7 33. Nf3 Rb4 34. b3 Rb6 35. Kd3 Ra6 36. a4 Rb6 37. Nd4 Kd7 38. h4 1-0

[Event "Titled Tuesday intern op 22nd Nov Late"]
[Site "Chess.com INT"]
[Date "2022.11.22"]
[Round "1"]
[White "Pino Perez, Lazaro"]
[Black "Rosen, Eric S"]
[Result "0-1"]
[WhiteElo "2142"]
[BlackElo "2356"]
[PlyCount "74"]
[EventDate "2022.11.22"]
[EventType "swiss (blitz)"]
[EventRounds "11"]
[EventCountry "USA"]
[SourceTitle "CBM 211 Extra"]
[Source "ChessBase"]
[SourceDate "2023.01.31"]
[SourceVersion "1"]
[SourceVersionDate "2023.01.31"]
[SourceQuality "1"]

1. d4 d5 2. Bf4 Nf6 3. e3 c5 4. Nf3 Nc6 5. Nbd2 cxd4 6. exd4 Bf5 7. Bb5 Rc8 8. Ne5 Qb6 9. Bxc6+ bxc6 10. Nb3 e6 11. g4 Bg6 12. h4 h5 13. Nxg6 fxg6 14. Qd3 Kf7 15. g5 Nd7 16. 0-0-0 c5 17. dxc5 Bxc5 18. Kb1 Rhe8 19. Rh3 Nf8 20. Nxc5 Qxc5 21. Be5 Kg8 22. Qe2 Kh7 23. Rc3 Qb6 24. Bd4 Qb8 25. Rxc8 Rxc8 26. b3 Qd6 27. Qe3 a5 28. f4 a4 29. Qe5 Qe7 30. Rf1 Nd7 31. Qe3 Qd6 32. Re1 Re8 33. Bb2 a3 34. Ba1 Nc5 35. Qd4 Qe7 36. Qb4 Ne4 37. Qd4 Rf8 0-1

[Event "Titled Tuesday intern op 22nd Nov Late"]
[Site "Chess.com INT"]
[Date "2022.11.22"]
[Round "2"]
[White "Pino Perez, Lazaro"]
[Black "Winterberg, Lukas"]
[Result "1-0"]
[WhiteElo "2142"]
[BlackElo "2394"]
[PlyCount "45"]
[EventDate "2022.11.22"]
[EventType "swiss (blitz)"]
[EventRounds "11"]
[EventCountry "USA"]
[SourceTitle "CBM 211 Extra"]
[Source "ChessBase"]
[SourceDate "2023.01.31"]
[SourceVersion "1"]
[SourceVersionDate "2023.01.31"]
[SourceQuality "1"]

1. d4 Nf6 2. Bf4 g6 3. Nc3 Bg7 4. e4 0-0 5. e5 Ne8 6. Qe2 d6 7. 0-0-0 c6 8. h4 b5 9. h5 Qa5 10. hxg6 fxg6 11. Qe3 b4 12. Nb1 Qxa2 13. Bh6 Bxh6 14. Qxh6 Qf7 15. Nd2 a5 16. Ngf3 Qg7 17. Qh4 a4 18. Ng5 h6 19. Qxh6 Qxh6 20. Rxh6 a3 21. Bc4+ d5 22. Rdh1 Nf6 23. Rxg6# 1-0

[Event "Titled Tuesday intern op 15th Nov Late"]
[Site "Chess.com INT"]
[Date "2022.11.15"]
[Round "8"]
[White "Dudzinski, Pawel"]
[Black "Pino Perez, Lazaro"]
[Result "1-0"]
[WhiteElo "2186"]
[BlackElo "2142"]
[PlyCount "31"]
[EventDate "2022.11.15"]
[EventType "swiss (blitz)"]
[EventRounds "11"]
[EventCountry "USA"]
[SourceTitle "CBM 211 Extra"]
[Source "ChessBase"]
[SourceDate "2023.01.31"]
[SourceVersion "1"]
[SourceVersionDate "2023.01.31"]
[SourceQuality "1"]

1. e4 c5 2. Nc3 g6 3. g3 Bg7 4. Bg2 Nc6 5. d3 d6 6. Be3 e5 7. Qd2 Nge7 8. Bh6 0-0 9. h4 f6 10. Bxg7 Kxg7 11. h5 g5 12. h6+ Kh8 13. f4 gxf4 14. gxf4 Ng6 15. Nd5 Be6 16. f5 1-0

[Event "Titled Tuesday intern op 15th Nov Early"]
[Site "Chess.com INT"]
[Date "2022.11.15"]
[Round "3"]
[White "Jeet, Jain"]
[Black "Pino Perez, Lazaro"]
[Result "1-0"]
[WhiteElo "2139"]
[BlackElo "2142"]
[PlyCount "35"]
[EventDate "2022.11.15"]
[EventType "swiss (blitz)"]
[EventRounds "11"]
[EventCountry "USA"]
[SourceTitle "CBM 211 Extra"]
[Source "ChessBase"]
[SourceDate "2023.01.31"]
[SourceVersion "1"]
[SourceVersionDate "2023.01.31"]
[SourceQuality "1"]

1. d4 d5 2. Nf3 Nf6 3. Bf4 e6 4. e3 Bd6 5. Bg3 0-0 6. Nbd2 c5 7. c3 Qc7 8. Ne5 Nfd7 9. f4 f6 10. Nxd7 Nxd7 11. Bd3 e5 12. 0-0 b6 13. Qh5 g6 14. Bxg6 hxg6 15. Qxg6+ Kh8 16. fxe5 fxe5 17. dxe5 Nxe5 18. Bxe5+ 1-0